00478nam a22001457a 4500003000400000005001700004008004100021040001400062100002500076245005300101260001000154300003000164500010700194504003100301OSt20171010095455.0120629t xxu||||| |||| 00| 0 eng d aMMSUcULS aPaz, June Darwin H.  aReadability of reading textscJune Darwin H. Paz c2008  axi, [68] leaves c28 cm.  aThesis (AB English Studies) -- Mariano Marcos State University-College of Arts & Sciences, Batac City  aBibliography: leaves 39-40